00575nam a2200157Ia 45000010006000000050017000060080041000230410008000640820024000721100126000962450142002222600009003643000028003736500008004016540008004091219120260306162923.0260306t2020||||xx |||||||||||||| ||spa|| aESP aHR 340bOCT 2020 PI aPontificia Universidad Católica Argentina Santa María de los Buenos Aires. Facultad de Derecho y Ciencias Políticas 0aPrudentia iuris:brevista de la Facultad de Derecho de la Pontificia Universidad Católica Argentina "Santa María de los Buenos Aires" c2020 a402 páginas :c23 cm. aGEN aCDE